| 000 | 00695nam a22002297a 4500 | ||
|---|---|---|---|
| 005 | 20170304100312.0 | ||
| 008 | 170304b ec ||||| |||| 00| 0 spa d | ||
| 020 | _a9789942145383 | ||
| 040 |
_aCO-BoIAVH _cCO-BoIAVH |
||
| 041 | _aeng | ||
| 044 | _aec | ||
| 082 | 1 |
_a578.730913 _bB67b |
|
| 100 | 1 |
_aBogner, Franz X. _eautor |
|
| 245 | 1 | 0 | _aBiodiversity hotspot tropical mountain rainforest |
| 260 |
_aLoja: _bNCI Foundation, _c2016. |
||
| 300 |
_a150 páginas _bfotografías a color |
||
| 650 | 1 | _aBiodiversity hotspot | |
| 650 | 1 | _aSelva tropical de montaña | |
| 700 | 1 |
_aBendiz, Jörg _eautor |
|
| 700 | 1 |
_aBeck, Erwin _eautor |
|
| 942 |
_2ddc _cLIBRO |
||
| 999 |
_c19380 _d19380 |
||